Economía política (Registro nro. 5082)
[ vista simple ]
| 000 -LEADER | |
|---|---|
| fixed length control field | 02123 a2200253 4500 |
| 001 - CONTROL NUMBER | |
| control field | 53098 |
| 005 - DATE AND TIME OF LATEST TRANSACTION | |
| control field | 20260407155804.0 |
| 008 - FIXED-LENGTH DATA ELEMENTS--GENERAL INFORMATION | |
| fixed length control field | 260407a1986 arg spa d |
| 003 - CONTROL NUMBER IDENTIFIER | |
| control field | AR-UNSa-BCEJYS |
| 040 ## - CATALOGING SOURCE | |
| Original cataloging agency | AR-UNSa-BCEJYS |
| Language of cataloging | spa |
| Transcribing agency | AR-UNSa-BCEJYS |
| 080 ## - UNIVERSAL DECIMAL CLASSIFICATION NUMBER | |
| Universal Decimal Classification number | 330.101 |
| Common auxiliary subdivision | Ciencia económica en general. La economía y sus problemas. Objeto y métodos de la economía política |
| 020 ## - INTERNATIONAL STANDARD BOOK NUMBER | |
| International Standard Book Number | 84-85855-39-6 |
| 041 ## - LANGUAGE CODE | |
| Language code of text/sound track or separate title | spa |
| 100 1# - MAIN ENTRY--PERSONAL NAME | |
| Personal name | Phelps, Edmund S. |
| 245 10 - TITLE STATEMENT | |
| Title | Economía política |
| Name of part/section of a work | un texto introductorio |
| 264 #1 - PRODUCTION, PUBLICATION, DISTRIBUTION, MANUFACTURE, AND COPYRIGHT NOTICE | |
| Place of production, publication, distribution, manufacture | Barcelona : |
| Name of producer, publisher, distributor, manufacturer | Antoni Bosch |
| Date of production, publication, distribution, manufacture, or copyright notice | 1986 |
| 300 ## - PHYSICAL DESCRIPTION | |
| Extent | xiv, 689 p. |
| Dimensions | 22 cm. |
| 505 ## - FORMATTED CONTENTS NOTE | |
| Formatted contents note | 1. Las reglas del juego - 2. la elección racional y la ganancia individual - 3. El equilibrio económico y la teoría de la oferta y la demanda - 4. Las ganancias derivadas de la cooperación - 5. Obstáculos a una operación eficiente - 6. Ideas de justicia - 7. Ganancias derivadas del intercambio multilateral:la ley, la organización y los mercados - 8. Problemas de la elección pública - 9. Justificación de las acciones colectivas : principios constitucionales propuestos - 10. El modelo de competencia pura - 11. Interferencias del Estado en el mercado:objeciones clásicas - 12. El poder de monopolio - 13. Impuestos y gasto público:la visión clásica - 14. Contra el mercado:críticas y contrasistemas de Marx y "La nueva izquierda" - 15. Los mercados de productos y la empresa:calidad del producto y fijación de precios - 16. Los mercados de trabajo y la empresa:"salarios incentivantes" y paro - 17. Mercados de capitales :finanzas , dinero y banca - 18. La crisis de la doctrina clásica del equilibrio - 19. La posibilidad de un desequilibrio monetario: la teoría general del empleo de Keynes - 20. Desde Keynes y para siempre:intervención del Estado o confianza en el "mercado" - 21. La inflación:sus causas, efectos, formas, de reducción y control |
| 590 ## - LOCAL NOTE (RLIN) | |
| Local note | niveau_biblio:m niveau_hierar:0 |
| 700 1# - ADDED ENTRY--PERSONAL NAME | |
| Personal name | Caminal, Ramón |
| 700 1# - ADDED ENTRY--PERSONAL NAME | |
| Personal name | Espinosa, Gentzane |
| 856 41 - ELECTRONIC LOCATION AND ACCESS | |
| Uniform Resource Identifier | <a href="https://biblioeco.unsa.edu.ar/pmb/images/libros/L128452.jpg">https://biblioeco.unsa.edu.ar/pmb/images/libros/L128452.jpg</a> |
| Link text | Imagen de portada |
| Electronic format type | image/jpeg |
| 942 ## - ADDED ENTRY ELEMENTS (KOHA) | |
| Koha item type | |
| Withdrawn status | Lost status | Damaged status | Not for loan | Home library | Current library | Shelving location | Date acquired | Total checkouts | Full call number | Barcode | Date last seen | Price effective from | Koha item type |
|---|---|---|---|---|---|---|---|---|---|---|---|---|---|
| Biblioteca Prof. Eusebio Cleto del Rey | Biblioteca Prof. Eusebio Cleto del Rey | 07/04/2026 | 330.101 P538 | L128452 | 07/04/2026 | 07/04/2026 | Libro |